| 000 | 00527nam a22001697a 4500 | ||
|---|---|---|---|
| 005 | 20231031135312.0 | ||
| 008 | 231031b |||||||| |||| 00| 0 eng d | ||
| 041 | _aEnglish | ||
| 082 | _a346.7 CAN | ||
| 100 |
_aCaney, LR _lEnglish |
||
| 245 |
_aThe Law of Suretyship in South Africa _cLR Caney |
||
| 250 | _aSecond Edition | ||
| 260 |
_aCape Town : _bJuta and Company Ltd, _c1970 |
||
| 300 |
_bxxiii, 249 pages ; _c26 cm. _e2 Editions |
||
| 650 |
_alegal practice _bLaw |
||
| 942 |
_cBK _6ALISON_BN_VRIES |
||
| 999 |
_c180 _d180 |
||